000 01191nmc a2200397 a 4500
003 AR-BaBNM
005 20251128203854.0
008 285019s1985 ||||||||||||||000 | spa||
020 _a84-7046-160-5
040 _cAR-BaBNM
100 1 _aNassif, Ricardo
_d1924-1984
245 1 0 _aTeoría de la educación
_bproblemática pedagógica contemporánea
250 _a4ª ed.
260 _aBogotá
_bCincel-Kapelusz
_c1985
300 0 _a349 P.
490 0 _aBiblioteca de psicología y educación. Educación de nuestro tiempo
_vv. 9
500 0 _aRevisión realizada por Benito Bueno Pascual
650 4 _aTEORIAS DE LA EDUCACION
650 4 _aOBJETIVOS EDUCACIONALES
650 4 _aFINALIDADES DE LA EDUCACION
650 4 _aSOCIALIZACION
650 4 _aECONOMIA DE LA EDUCACION
650 4 _aDESARROLLO CULTURAL
650 4 _aACULTURACION
650 4 _aCLASES SOCIALES
650 4 _aHUMANISMO
650 4 _aDESARROLLO INDIVIDUAL
650 4 _aDOCENTES
650 4 _aPROCESO DE APRENDIZAJE
650 4 _aSISTEMAS ESCOLARES
650 4 _aNIVELES DE EDUCACION
653 0 _aEDUCACION POPULAR
653 0 _aINNOVACIONES EDUCATIVAS
942 _cBK
998 _cCarmen
999 _c5270
_d5270